| 000 | 00473nam a2200169Ia 4500 | ||
|---|---|---|---|
| 003 | OSt | ||
| 005 | 20200914110725.0 | ||
| 008 | 190216s9999||||xx |||||||||||||| ||und|| | ||
| 040 | _coclc | ||
| 082 |
_a537.1 _bCHO/E |
||
| 100 |
_aChopra, K K _94564 |
||
| 245 | 0 |
_aElectromagnetic Theory / _cK K Chopra ; G C Agrawal |
|
| 260 |
_bK Nath & Co, _c1999. _aMeerut: |
||
| 300 | _a460p | ||
| 650 | _aPhysics | ||
| 942 |
_cBK _2ddc _h537.1 _iCHO/E _k537.1 _mCHO/E |
||
| 999 |
_c33406 _d33406 |
||